Councils urged to value good design (Record no. 72961)

MARC details
000 -LEADER
fixed length control field 01018cam a2200205 4500
001 - CONTROL NUMBER
control field WB3925-12
008 - FIXED-LENGTH DATA ELEMENTS--GENERAL INFORMATION
fixed length control field 030701n2003 000 0 eng u
035 ## - SYSTEM CONTROL NUMBER
System control number (Sirsi) u122831
245 ## - TITLE STATEMENT
Title Councils urged to value good design
260 ## - PUBLICATION, DISTRIBUTION, ETC.
Date of publication, distribution, etc. 2003
490 ## - SERIES STATEMENT
Series statement Planning (for the Natural and Built Environment)
Volume/sequential designation (1525) 27 June 2003, 2(1)
520 ## - SUMMARY, ETC.
Summary, etc. The Planning Officer's Society has produced a new guide outlining how the planning system can create sustainable communities by delivering high quality urban design and conservation. "Moving towards excellence in urban design and conservation" is sponsored by English Heritage and CABE and contains an 'excellence matrix' which planning authorities can use to benchmark services and promote heritage. The guide is available at www.english-heritage.org.uk/Default.asp?WCI=WebItem&WCE=3553.
590 ## - LOCAL NOTE (RLIN)
Local note WB
650 ## - SUBJECT ADDED ENTRY--TOPICAL TERM
Topical term or geographic name entry element URBAN DESIGN
650 ## - SUBJECT ADDED ENTRY--TOPICAL TERM
Topical term or geographic name entry element BUILDING CONSERVATION
650 ## - SUBJECT ADDED ENTRY--TOPICAL TERM
Topical term or geographic name entry element PLANNING SYSTEM
650 ## - SUBJECT ADDED ENTRY--TOPICAL TERM
Topical term or geographic name entry element HERITAGE
690 ## - LOCAL SUBJECT ADDED ENTRY--TOPICAL TERM (OCLC, RLIN)
Topical term or geographic name as entry element PLANNING
942 ## - ADDED ENTRY ELEMENTS (KOHA)
Suppress in OPAC 0
Holdings
Withdrawn status Lost status Source of classification or shelving scheme Damaged status Not for loan Home library Current library Shelving location Date acquired Total Checkouts Full call number Barcode Date last seen Copy number Price effective from Koha item type
    Dewey Decimal Classification     London London News article 01/07/2003   WB3925-12 122831-1001 06/08/2019 1 06/08/2019 News article